000 00768nam a22002177a 4500
005 20160412113930.0
010 _aENG-115050
020 _a9789339221652
_c750.00
035 _aEN-98582
037 _bDBAD/PUB
100 _aCengel, Yunus A.
245 _aThermodynamics :
_cby Yunus A. Cengel [and] Michael A. Boles ; adapted by Mehmet Kanoglu
_ban engineering approach /
250 _a8th ed
260 _aNew Delhi
_bMcGraw Hill Education
_c2016
270 _aP-24, Green Park Extension
_bNew Delhi
_e110016
300 _axxiii,954p. :
_c24cm(pbk)
_bill.
500 _aIncludes index
650 _aThermodynamics.
700 _aBoles, Michael A.
942 _2ddc
_cEN
_mCEN
_h621.4021
999 _c99400
_d99400